Konsonanttiin päättyvät pääkaupungit - Statistics

Yleistilastot
  • Tätä visaa on pelattu 915 kertaa
  • Keskiarvotulos 40 / 69
Vastaustilastot
Pääkaupunki % Oikein
Washington
86%
Madrid
82%
Reykjavik
81%
Peking
79%
Amsterdam
77%
Lissabon
76%
Wellington
76%
Bangkok
75%
Bagdad
74%
Dublin
74%
Minsk
74%
Bern
72%
Budapest
72%
Wien
71%
Bukarest
70%
Jerusalem
70%
Teheran
70%
Belgrad
69%
Bryssel
68%
Zagreb
68%
Soul
66%
Alger
65%
Vaduz
65%
Kabul
64%
Buenos Aires
63%
Pjongjang
63%
Amman
62%
Beirut
62%
Islamabad
62%
Tunis
62%
Rabat
61%
Riad
61%
Kingston
60%
Dakar
57%
Kingstown
57%
Ulan Bator
57%
Caracas
56%
Damaskos
56%
Jerevan
56%
Phnom penh
55%
Georgetown
54%
Kuwait
54%
Luxemburg
54%
Biškek
52%
Kuala Lumpur
52%
Freetown
51%
Ašgabat
49%
Khartum
49%
Taškent
49%
Windhoek
48%
Yaren
48%
Bridgetown
47%
Asuncion
46%
La Paz
46%
Masqat
46%
Nouakchott
46%
St. John's
46%
Banjul
45%
Belmopan
45%
Naypyidaw
45%
St.George's
44%
Castries
43%
San Salvador
43%
Bandar Seri Begawan
41%
Palikir
41%
Port of Spain
41%
Port Louis
40%
Ngerulmud
36%
Bloemfontein
33%
Ehtoja vastaavia visoja ei löytynyt
Tulosjakauma
Jokaisen tuloksen saaneiden osuus
Persentiili vastausten määrän mukaan
Tuloshistoriasi
Et ole pelannut tätä visaa